323 câu hỏi và trả lời về cán bộ và công tác cán bộ

সংরক্ষণ করুন:
গ্রন্থ-পঞ্জীর বিবরন
বিন্যাস: গ্রন্থ
ভাষা:Undetermined
প্রকাশিত: Hà Nội Chính trị Quốc gia 2003
বিষয়গুলি:
ট্যাগগুলো: ট্যাগ যুক্ত করুন
কোনো ট্যাগ নেই, প্রথমজন হিসাবে ট্যাগ করুন!
Thư viện lưu trữ: Trung tâm Học liệu Trường Đại học Cần Thơ
LEADER 00551nam a2200181Ia 4500
001 CTU_59205
008 210402s9999 xx 000 0 und d
020 |b 50000 
082 |a 352.66 
082 |b B100 
245 0 |a 323 câu hỏi và trả lời về cán bộ và công tác cán bộ 
260 |a Hà Nội 
260 |b Chính trị Quốc gia 
260 |c 2003 
650 |a Vietnam,Personnel management 
650 |x Officials and employees 
904 |i Minh 
980 |a Trung tâm Học liệu Trường Đại học Cần Thơ